Statistics for Who Has Won Both the UEFA Champions League and the Copa Libertadores?

Click here to take the quiz!

General Stats

  • This quiz has been taken 120 times
  • The average score is 6 of 12

Answer Stats

Copa LibertadoresUEFA Champions LeagueAnswer% Correct
Santos 2011Barcelona 2015Neymar Jr.
91%
Atlético Mineiro 2013Barcelona 2006Ronaldinho
90%
Boca Juniors 2003Manchester United 2008Carlos Tevez
70%
Flamengo 2022Chelsea 2012David Luiz
66%
Cruzeiro 1997AC Milan 2003, 2007Dida
65%
Sao Paulo 1992, 1993AC Milan 2007Cafú
63%
Palmeiras 2020Chelsea 2012Ramires
41%
Flamengo 2019Bayern Munich 2013Rafinha
40%
Boca Juniors 2000Inter Milan 2010Walter Samuel
39%
Santos 2011Real Madrid 2016Danilo
28%
River Plate 1996Juventus 1996Juan Pablo Sorin
15%
Palmeiras 1999AC Milan 2003Roque Júnior
12%

Score Distribution

Percentile by Number Answered

Percent of People with Each Score

Your Score History

You have not taken this quiz